| 000 | 00769nam a2200217 a 4500 | ||
|---|---|---|---|
| 005 | 20210219160201.0 | ||
| 008 | 080923s2000 mx r 000 0 spa d | ||
| 020 | _a9681200659. | ||
| 035 | _aUPN01000160354 | ||
| 049 | _aUNE | ||
| 080 | _a342.25: 711 (72) GAR. | ||
| 100 | 1 | _aGarza, Gustavo. | |
| 245 | 1 | 0 | _aIndustrialización de las principales ciudades de México: hacia una estrategia espacio-sectorial de descentralización industrial/ GustavoGarza. -- |
| 260 | _aMéxico : El Colegio de México, 1980. | ||
| 300 | _a155 p.; 22 cm. fot. -- | ||
| 440 | 0 | _a(Centro de estudios económicos y demográficos; XII) | |
| 690 | _aDescentralizacion urbana- Mexico | ||
| 690 | _aIndustrializacion- Mexico | ||
| 710 | 2 | _aEl Colegio de México | |
| 905 | _aUNESCO | ||
| 999 |
_c132468 _d132468 |
||